| 000 | 01075nam a2200241Ia 4500 | ||
|---|---|---|---|
| 999 |
_c41327 _d41327 |
||
| 001 | 7985 | ||
| 003 | GE_BSU | ||
| 005 | 20221004142239.0 | ||
| 008 | 181216s2012ge xx |||||||||||||| ||geo|| | ||
| 020 | _a9789941429279 | ||
| 040 | _cGE_BSU | ||
| 041 | _ageo | ||
| 080 | _a821.353.1(092) დ-28 | ||
| 100 |
_aდევდარიანი, როზა _915020 |
||
| 245 |
_aდაიჭირეთ ჩემი სული / _cროზა დევდარიანი, რედ. ავთანდილ ნიკოლეიშვილი |
||
| 264 |
_aქუთაისი, _c2012. |
||
| 300 |
_a302 გვ; _b1 ფ.პორტრ. _c22 სმ. |
||
| 600 |
_aუჩინარ ადამიანთა ცხოვრება გიორგი ნაფეტვარიძე. _915021 |
||
| 653 | _aდაიჭირეთ ჩემი სული | ||
| 653 | _aქართველი მწერლები | ||
| 700 |
_aნიკოლეიშვილი, ავთანდილ _eრედაქტორი _9296 |
||
| 942 |
_cBK _2udc |
||